| Tag |
First Indicator |
Second Indicator |
Subfields |
| LEADER |
00000cam a2200000Ia 4500 |
| 001 |
in00002169521 |
| 005 |
20151104055037.0 |
| 008 |
951018e199507 msuab bst f000 0 eng d |
| 035 |
|
|
|a (OCoLC)ocm33325330
|
| 040 |
|
|
|a PLF
|c PLF
|d YSM
|d OCL
|d OCLCQ
|d TXA
|d UtOrBLW
|
| 043 |
|
|
|a n-us-or
|
| 049 |
|
|
|a TXAM
|
| 086 |
0 |
|
|a D 103.42/5:CERC-95-9
|
| 090 |
|
|
|a TC223
|b .A35 no. 95-9
|
| 100 |
1 |
|
|a Hughes, Steven A.
|
| 245 |
1 |
0 |
|a Monitoring of the Yaquina Bay entrance north jetty at Newport, Oregon :
|b summary and results /
|c by Steven A. Hughes [and others] ; prepared for US Army Corps of Engineers.
|
| 264 |
|
1 |
|a Vicksburg, Miss. :
|b U.S. Army Engineer Waterways Experiment Station ;
|a Springfield, Va. :
|b Available from National Technical Information Service,
|c [1995]
|
| 300 |
|
|
|a 1 volume (various pagings) :
|b illustrations, maps ;
|c 28 cm.
|
| 336 |
|
|
|a text
|b txt
|2 rdacontent
|
| 337 |
|
|
|a unmediated
|b n
|2 rdamedia
|
| 338 |
|
|
|a volume
|b nc
|2 rdacarrier
|
| 490 |
1 |
|
|a Technical report CERC ;
|v 95-9
|
| 500 |
|
|
|a "July 1995."
|
| 504 |
|
|
|a Includes bibliographical references.
|
| 500 |
|
|
|a "Final report."
|
| 650 |
|
0 |
|a Harbors
|z Oregon
|z Yaquina Bay.
|
| 650 |
|
0 |
|a Oceanographic instruments.
|
| 650 |
|
0 |
|a Breakwaters
|x Hydrodynamics.
|
| 650 |
|
0 |
|a Jetties
|z Oregon
|z Yaquina Bay
|x Rehabilitation.
|
| 651 |
|
0 |
|a Yaquina Bay (Or.)
|
| 710 |
2 |
|
|a U.S. Army Engineer Waterways Experiment Station.
|
| 710 |
2 |
|
|a Coastal Engineering Research Center (U.S.)
|
| 710 |
1 |
|
|a United States.
|b Army.
|b Corps of Engineers.
|
| 830 |
|
0 |
|a Technical report CERC ;
|v 95-9.
|
| 948 |
|
|
|a cataloged
|b h
|c 2006/06/23
|e jferguson
|f 1:21:39 pm
|
| 994 |
|
|
|a C0
|b TXA
|
| 999 |
|
|
|a MARS
|
| 999 |
f |
f |
|s 8cc535f7-547c-3020-9fc5-9cfa0396367e
|i 7ed1dc68-1058-39b5-8914-2c498cb713d7
|t 0
|
| 952 |
f |
f |
|p normal
|a Texas A&M University
|b College Station
|c Sterling C. Evans Library
|d Evans: US Documents (Annex 5th floor)
|t 0
|e D 103.42/5:CERC-95-9
|h Superintendent of Documents classification
|i unmediated -- volume
|m A14833911716
|
| 998 |
f |
f |
|a D 103.42/5:CERC-95-9
|t 0
|l Evans: US Documents (Annex 5th floor)
|